• 首页
  • 本馆介绍
  • 公告通知
  • 最新文献
  • 馆藏检索
  • 电子资源
  • 读者导购
  • 参考咨询
  • 我的图书馆
  • 登录
  • 详细信息显示
  • 放入我的书架
  • 预约/预借图书
  • 作者相关作品
  • 分类相关作品
  • 丛书相关作品
  • 出版社相关作品

书目信息

  • 表格格式
  • 工作单格式
  • 卡片格式
题名:
涂料配方
    
 
作者: 黄玉媛 编
分册:  
出版信息: 北京   中国纺织出版社  2008
页数: 29,468页
开本: 21cm
丛书名: 精细化学品实用配方精选
单 册:
中图分类: TQ630.6
科图分类:
主题词: 涂料--配方 , 涂料
电子资源:
ISBN: 978-7-5064-4738-6
000 00872oam2 2200277 450
001 012015000381
005 20150914090026.73
010    @a978-7-5064-4738-6@dCNY38.00
100    @a20150620d2008 em y0chiy50 ea
101 0  @achi
102    @aCN@b110000
105    @ay z 000yy
106    @ar
200 1  @a涂料配方@Atu liao pei fang@f黄玉媛[等]编
210    @a北京@c中国纺织出版社@d2008
215    @a29,468页@d21cm
225 2  @a精细化学品实用配方精选@v4
304    @a编者还有:陈立志、刘汉淦、杨兴明
330    @a本书收录了1100多例涂料配方,内容涉及涂料的基料、辅料、不同用途的涂料、各行业专用的涂料及特种性能的涂料等。
410  0 @12001 @a精细化学品实用配方精选
606 0  @a涂料@x配方
606 0  @a涂料
690    @aTQ630.6@v5
701  0 @a黄玉媛@Ahuang yu yuan@c(高级工程师)@4编
801  0 @aCN@b碧洲教育@c20150716
905    @a10447@f4@dTQ630.6@e49
    
    涂料配方/黄玉媛[等]编.-北京:中国纺织出版社,2008
    29,468页;21cm.-(精细化学品实用配方精选;4)
    
    
    ISBN 978-7-5064-4738-6:CNY38.00
    本书收录了1100多例涂料配方,内容涉及涂料的基料、辅料、不同用途的涂料、各行业专用的涂料及特种性能的涂料等。
●
相关链接 在E读中查询图书 在五车中查询图书 在当当中查询图书 在豆瓣中查询图书


正题名:涂料配方     索取号:TQ630.6/49         预约/预借

序号 登录号 条形码 馆藏地/架位号 状态 备注
1 0849520   208495207   第二样本阅览室/ [索取号:TQ630.6/49] 在馆    
2 0849521   208495216   密集书库-生命科学系/ [索取号:TQ630.6/49] 在馆    
3 0849522   208495225   第三借阅区/ [索取号:TQ630.6/49] 在馆    
4 0849523   208495234   第三借阅区/ [索取号:TQ630.6/49] 在馆    
唐山师范学院图书馆 欢迎您!
大连网信软件有限公司© 版权所有